Terrorismo y antiterrorismo /

Obra que caracteriza al terrorismo como un tipo de violencia utilizada en la lucha por el poder. Da cuenta del perfil de los espacios socio-políticos-culturales donde su aparición es más probable y analiza las motivaciones de los terroristas. Analiza los logros y limitaciones de las políticas implem...

Fuld beskrivelse

Guardado en:
Bibliografiske detaljer
Hovedforfatter: Reinares, Fernando (autor)
Format: Bog
Sprog:spansk
Udgivet: Barcelona, España : Paidós, 1998, c1998
Serier:(Paidós Estado y Sociedad ; 65)
Fag:
Tags: Tilføj Tag
Ingen Tags, Vær først til at tagge denne postø!

MARC

LEADER 00000nam^a2200000^a^4500
001 000105322
005 20250521000000.0
009 20260310093455.31
020 |a 84-493-0635-9 
037 |a Acervo ITESO - Biblioteca 
041 |a ESP 
082 |a 327. 1209  |b REI 
100 |a Reinares, Fernando  |e (autor) 
245 1 0 |a Terrorismo y antiterrorismo /  |c F. Reinares. 
264 4 |a Barcelona, España :  |b Paidós,  |c 1998, c1998 
300 |a 230 p. 
336 |a texto  |b txt  |2 rdacontenido 
337 |a sin mediación  |b n  |2 rdamedio 
338 |a volumen  |b nc  |2 rdasoporte 
440 1 |a (Paidós Estado y Sociedad ;  |v 65) 
520 |a Obra que caracteriza al terrorismo como un tipo de violencia utilizada en la lucha por el poder. Da cuenta del perfil de los espacios socio-políticos-culturales donde su aparición es más probable y analiza las motivaciones de los terroristas. Analiza los logros y limitaciones de las políticas implementadas por los gobiernos democráticos para combatirlo. 
649 |a XX 
650 |a Terrorismo 
650 |a Violencia 
650 |a Seguridad Nacional 
650 |a Política 
910 |a Fondo General 
920 |a Impresos - Libros 
930 |a Colección General 
905 |a 101 
901 |a 0500041438  |b IT1  |c ACC  |u 20250521 
902 |a https://opac.biblio.iteso.mx/vufind/Record/000105322